000
00278nam a22001097a 4500
008
160512b xxu||||| |||| 00| 0 eng d
020
_a
6082101014
041
_a
eng
080
_a
612.39
245
_a
Lengjet elektrolitet & ekuilibri acid-baze:
_c
Marry Ann Hogan;
942
_2
udc
_c
BK
999
_c
2107
_d
2107